Desserts Quiz Stats

 Plays Quiz Updated Nov 30, 2017

Score 0/30 Timer 08:00
14 Plays Today
Hint Dessert % Correct
Often comes in 31 flavorsIce Cream
95.5%
Brand of gelatin that 'There's Always Room for'Jell-O
85.2%
Toasted marshmallows, chocolate and graham cracker sandwichSmores
85.1%
Homer Simpson's and Krispy Kreme's primary loveDonut
76%
Molasses flavored man or houseGingerbread
65.5%
Italian dessert with coffee and liquor-soaked layers of sponge cakeTiramisu
63.3%
Usually made from ricotta or cream cheese and topped with fruit; also a 'Factory'Cheesecake
60.9%
Cold fermented dairy product not unlike soft-serve ice creamFrozen Yogurt
60.4%
Custard topped with caramelized sugar (French for burnt cream)Crème Brûlée
59.8%
Iced dessert often comes in orange, lemon, or rainbowSherbet
58.2%
Means 'frozen' in Italian with flavors like spumoni and stracciatellaGelato
57.6%
Juneau you'd like this ice cream on a cake base topped with browned meringueBaked Alaska
56.3%
Non-angelic chocolate layer cakeDevil's Food Cake
55.3%
Soft chocolate, shaped into a ball and dusted with cocoaTruffle
48.6%
Long, thin choux pastry filled with cream, originally from FranceChocolate Éclair
46.5%
Hint Dessert % Correct
Soft caramel topped custardFlan
42.8%
Pastry made of Phyllo dough often featured in Arab cuisineBaklava
42.5%
Strawberry, chocolate, and vanilla ice creamNeapolitan Ice Cream
42%
A light, sweet cake made with eggs but no shortening (don't use it to clean your counters)Sponge Cake
38.8%
Leave the gun. Take the...Cannoli
35.1%
Deep-fried dough pastry also called a Spanish doughnutChurro
29.2%
Fruit on a biscuit, also a character created by American GreetingsStrawberry Shortcake
28.1%
Miniature choux pastry often filled with ice or whipped creamProfiterole
26.3%
Jelly-like, sticky confection a favorite of the White WitchTurkish Delight
25.9%
Made from equal amounts flour, butter, sugar and eggs (and fruit, if you're British)Pound Cake
25.9%
Judy Blume's favorite soft creamy candy made of sugar, milk, butter, and flavoringFudge
16.2%
Flambéed dessert prepared for one of Queen Victoria's celebrationsCherries Jubilee
12.6%
Sweet layered pastry with a filling inside often associated with the Austrian cuisineStrudel
11.6%
A food coated in batter and deep fried, or to squanderFritter
10%
Spicy baked pudding of apples and bread crumbs (disliked in 'The Catcher in the Rye')Brown Betty
7.9%

You're not logged in!

Compare scores with friends on all Sporcle quizzes.
OR
Log In

Sporcle TV

Today on Sporcle TV


Watch our educational content, quiz creation guides, and fun videos on Sporcle TV.

Show Comments

Extras

Top Quizzes Today


Score Distribution

Your Account Isn't Verified!

In order to create a playlist on Sporcle, you need to verify the email address you used during registration. Go to your Sporcle Settings to finish the process.

Report this User

Report this user for behavior that violates our Community Guidelines.

Details: